Home Alone Characters Sudden Death - Statistics

General Stats
  • This quiz has been taken 193 times
    176 since last reset
  • The average score is 9 of 18
Answers on the Grid
Answers color-coded by a green-red scale on the quiz's grid according to % correct below.
Kevin
Linnie
Harry
Jimmy
Harrison
Buzz
Leslie
Gus
Mitch
Marv
Heather
Marley
Fuller
Brook
Owen
Jeff
Tracy
Sally
Frank
Dana
Peter
Aidan
Kate
Gracie
 
Answer Stats
Answer % Correct
Kevin
86%
Buzz
83%
Marv
77%
Frank
75%
Harry
73%
Peter
67%
Kate
62%
Fuller
60%
Leslie
52%
Marley
43%
Gus
42%
Linnie
40%
Jeff
39%
Heather
36%
Jimmy
35%
Tracy
32%
Mitch
22%
Brook
17%
No matching quizzes found
Score Distribution
Percent of People with Each Score
Percentile by Number Answered
Your Score History
You have not taken this quiz since the last reset